00998cam a22002655a 4500001000800000005001700008008004100025020001500066040003300081043001200114082002600126100003100152245011900183260004200302300003300344504005100377650004200428650005500470650004400525651001000569653002200579942000800601999001700609952010600626315305520180121143300.0751128s1975 enka frb 001 0 eng d a0582480647 aDLCcDLCdDLCdEG-ScBUEbeng ad------04a301.54091724222bDWY1 aDwyer, D. J.q(Denis John)10aPeople and housing in Third World cities :bperspectives on the problem of spontaneous settlements /cD. J. Dwyer. aLondon ;aNew York :bLongman,c1975. axi, 286 p. :bill. ;c23 cm. aIncludes bibliographical references and index. 7aHousingzDeveloping countries.2BUEsh 7aSquatter settlementszDeveloping countries.2BUEsh 7aSquatterszDeveloping countries.2BUEsh 2BUEsh bGGENcJanuary2018 2ddc c25980d25952 00102ddc4070aMAINbMAINc1STd2018-01-21l0o301.54091724 DWYp000047145r2025-07-15 00:00:00yBB